Statistiques concernant Effectif du Nîmes Olympique 2018-2019

Cliquez ici pour prendre le quiz!

Statistiques générales

  • Ce quiz a été pris 46 fois
  • Le résultat moyen est 14 sur 31

Statistiques - réponses

HintRéponse% Correct
AttaquantRenaud Ripart
89%
GardienPaul Bernardoni
84%
Milieu de terrainTéji Savanier
82%
DéfenseurAnthony Briançon
76%
EntraîneurBernard Blaquart
71%
DéfenseurSofiane Alakouch
68%
AttaquantSada Thioub
66%
AttaquantUmut Bozok
63%
Milieu de terrainAntonin Bobichon
61%
AttaquantDenis Bouanga
61%
Milieu de terrainJordan Ferri
58%
AttaquantRachid Alioui
58%
Milieu de terrainThéo Valls
55%
DéfenseurLoïck Landre
53%
AttaquantClément Deprès
50%
DéfenseurFéthi Harek
45%
DéfenseurGaëtan Paquiez
45%
AttaquantBaptiste Guillaume
42%
GardienBaptiste Valette
37%
DéfenseurFlorian Miguel
37%
DéfenseurFaitout Maouassa
32%
DéfenseurKelyan Guessoum
32%
DéfenseurHervé Lybohy
26%
Milieu de terrainMoustapha Diallo
26%
GardienMartin Sourzac
24%
Milieu de terrainLucas Buades
21%
DéfenseurThéo Sainte-Luce
21%
AttaquantPanagiotis Vlachodimos
18%
Milieu de terrainPierrick Valdivia
18%
Milieu de terrainAbdel Malik Hsissane
13%
AttaquantSami Ben Amar
13%

Distribution des résultats

Percentile par nombre de réponses

% des personnes avec chaque résultat

Votre développement - résultats

Vous n’avez pas pris ce quiz